| 000 | 00360nam a2200145Ia 4500 | ||
|---|---|---|---|
| 008 | 150201s2005 xx 000 0 und d | ||
| 082 |
_a616.07 _bP2005H |
||
| 100 | _aHARSH MOHAN | ||
| 245 | _aPATHOLOGY : QUICK REVIEW & MEELS | ||
| 250 | _a5TH | ||
| 260 |
_bJAYPEE MEDICAL PUBLISHER _aDELHI _c2005 |
||
| 300 | _a1-715 | ||
| 650 | _aPATHOLOGY | ||
| 942 |
_2ddc _cBK |
||
| 999 |
_c4087 _d4087 |
||